Introduccin̤ al estudio del derecho

Detalles Bibliográficos
Autor principal: Cr̀denas Garca̕, Jaime
Formato: eBook
Lenguaje:español
Publicado: [Mx̌ico] : Nostra Ediciones, 2010.
Materias:
Acceso en línea:Acceso restringido

MARC

LEADER 00000nam a22000007a 4500
005 2011083103043.0
008 110831t2010 mx ||||s|||| 00| 0 spa d
020 |a 978-607-7603-25-2 
035 |a 5504 
040 |a vLex 
090 |c 2309  |d 2309 
100 1 |a Cr̀denas Garca̕, Jaime 
245 1 0 |a Introduccin̤ al estudio del derecho  |c Jaime Cr̀denas Gracia.  |h [Recurso electrn̤ico] / 
256 |a Servicio en ln̕ea. 
260 |a [Mx̌ico] :  |b Nostra Ediciones,  |c 2010. 
500 |a La introduccion al estudio del derecho es un ambito de estudio que inicia y abre el conocimiento de las diversas disciplinas juridicas al estudiante de primer grado. Es una materia fundamental para entender posteriormente el contenido de cualquier area dogmatica juridica (el derecho civil, mercantil, penal internacional, social, etcetera) y de las diversas disciplinas juridicas. Sin los contenidos de este estudio los alumnos no comprenderian el fenomeno juridico. La licenciatura en derecho se inicia con esta materia y concluye con las reflexiones de filosofia del derecho. De ahi su importancia y trascendencia en la informacion juridica.  
506 1 |a Contenido solo disponible en los productos indicados  |d vLex Global  |d vLex Global (Academic Edition, excluding Law Schools)  |d vLex Global (U.S. Academic Edition, Law Schools)  |d vLex Global (U.S. Academic Edition, excluding Law Schools)  |d vLex Global (Academic Edition, Law Schools) 
650 0 4 |a Derecho  |z Mx̌ico 
740 0 |a vLex Libros (Servicio en ln̕ea) 
856 4 0 |u http://vlex.com/source/introduccion-estudio-derecho-5504  |z Acceso restringido 
942 |c BOOK